[Event "Titled Tuesday intern op 31st Jan Late"]
[Site "Chess.com INT"]
[Date "2023.01.31"]
[Round "1"]
[White "Ekdyshman, Mikhail"]
[Black "Zierk, Steven C"]
[Result "0-1"]
[WhiteElo "2264"]
[BlackElo "2488"]
[PlyCount "134"]
[EventDate "2023.01.31"]
[EventType "swiss (blitz)"]
[EventRounds "11"]
[EventCountry "USA"]
[SourceTitle "CBM 212 Extra"]
[Source "ChessBase"]
[SourceDate "2023.03.31"]
[SourceVersion "1"]
[SourceVersionDate "2023.03.31"]
[SourceQuality "1"]

1. d4 e6 2. Nf3 f5 3. h3 Nf6 4. c4 d5 5. Nc3 c6 6. Bg5 Bd6 7. Qc2 Nbd7 8. g4 g6 9. gxf5 gxf5 10. 0-0-0 0-0 11. Bh6 Kh8 12. Bxf8 Qxf8 13. Rg1 Ne4 14. e3 Ndf6 15. Ne5 Nxc3 16. Qxc3 Bd7 17. f3 Be8 18. c5 Bxe5 19. dxe5 Nd7 20. b4 a5 21. a3 b6 22. cxb6 axb4 23. axb4 c5 24. b7 Rb8 25. Ba6 cxb4 26. Qc8 Qc5+ 27. Qxc5 Nxc5 28. Be2 Rxb7 29. Kd2 Ba4 30. Rb1 h6 31. Bd1 Be8 32. Be2 Na4 33. Rb3 Nc3 34. Rc1 Ba4 35. Rb2 Kg7 36. Bd3 Kf7 37. Bf1 Ke7 38. Bd3 Kd8 39. Rg1 Be8 40. Rg8 h5 41. Rh8 Ke7 42. Ke1 b3 43. Rh7+ Bf7 44. Be2 Na4 45. Rb1 b2 46. Bd3 Nc3 47. Kd2 Nxb1+ 48. Bxb1 Kf8 49. Kc2 Kg8 50. Rh6 Kg7 51. Rf6 Rb4 52. f4 h4 53. Kc3 Rb8 54. Kc2 Rb7 55. Kc3 Rb8 56. Kc2 Bg8 57. Kc3 Rb6 58. Kc2 Rb4 59. Kc3 Ra4 60. Kxb2 d4 61. e4 Rb4+ 62. Kc1 Rxb1+ 63. Kxb1 fxe4 64. Kc2 e3 65. Kd3 Bh7+ 66. Ke2 Bf5 67. Kf3 Bxh3 0-1

[Event "Titled Tuesday intern op 18th Oct Late"]
[Site "Chess.com INT"]
[Date "2022.10.18"]
[Round "4"]
[White "Ekdyshman, Mikhail"]
[Black "Barria Zuniga, Daniel"]
[Result "0-1"]
[WhiteElo "2264"]
[BlackElo "2341"]
[PlyCount "152"]
[EventDate "2022.10.18"]
[EventType "swiss (blitz)"]
[EventRounds "11"]
[EventCountry "USA"]
[SourceTitle "EXT 2024"]
[Source "ChessBase"]
[SourceDate "2023.10.10"]
[SourceVersion "1"]
[SourceVersionDate "2023.10.10"]
[SourceQuality "1"]

1. c4 g6 2. Nc3 Bg7 3. g3 e6 4. Bg2 Ne7 5. e4 c6 6. c5 b6 7. d4 bxc5 8. dxc5 Qa5 9. Be3 Na6 10. Bd4 e5 11. Be3 Nxc5 12. Nge2 Ba6 13. 0-0 Nd3 14. Qd2 0-0 15. Bg5 f6 16. Be3 Rfb8 17. Rfd1 Rxb2 18. Nd5 Rxd2 19. Nxe7+ Kf7 20. Bxd2 Qc5 21. Be3 Qxe7 22. Nc3 Rb8 23. Bf1 Nb4 24. Bh3 d5 25. exd5 cxd5 26. a3 Nd3 27. Nxd5 Qf8 28. Bf1 e4 29. f3 f5 30. Ra2 Kg8 31. Rad2 Qxa3 32. fxe4 fxe4 33. Bxa7 Rb7 34. Be3 Bc4 35. Nf4 Rd7 36. Ng2 h6 37. h3 Qc3 38. Kh2 Kh7 39. Bg1 g5 40. Ne3 Bb5 41. Nf5 Qc7 42. Nxg7 Kxg7 43. Bg2 Qe5 44. Re2 Qf5 45. Bxe4 Qf6 46. Red2 Ne5 47. Rxd7+ Bxd7 48. Bd4 Bf5 49. Rf1 Ng4+ 50. hxg4 Qxd4 51. Bxf5 Qd2+ 52. Kg1 Kf6 53. Rf2 Qe3 54. Kg2 Ke5 55. Rf3 Qe1 56. Rf2 Kd4 57. Rf3 Qe2+ 58. Rf2 Qe3 59. Rf3 Qe2+ 60. Rf2 Qa6 61. Rd2+ Ke3 62. Rc2 Qb7+ 63. Kh3 Qh1+ 64. Rh2 Qf1+ 65. Rg2 Kf3 66. Be4+ Kxe4 67. Kh2 Kf3 68. Rd2 Qf2+ 69. Rxf2+ Kxf2 70. Kh3 Kf3 71. Kh2 Kxg4 72. Kg2 h5 73. Kh2 Kf3 74. Kh3 g4+ 75. Kh4 Kf2 76. Kxh5 Kxg3 0-1

[Event "Titled Tuesday intern op 04th Oct Late"]
[Site "Chess.com INT"]
[Date "2022.10.04"]
[Round "8"]
[White "Ekdyshman, Mikhail"]
[Black "Yano, William Jorge Froes"]
[Result "1-0"]
[WhiteElo "2264"]
[BlackElo "2045"]
[PlyCount "111"]
[EventDate "2022.10.04"]
[EventType "swiss (blitz)"]
[EventRounds "11"]
[EventCountry "USA"]
[SourceTitle "EXT 2023"]
[Source "ChessBase"]
[SourceDate "2022.10.05"]
[SourceVersion "1"]
[SourceVersionDate "2022.10.05"]
[SourceQuality "1"]

1. c4 Nf6 2. Nc3 g6 3. g3 Bg7 4. Bg2 0-0 5. Nf3 c5 6. d4 cxd4 7. Qxd4 d6 8. 0-0 Nc6 9. Qd2 Be6 10. b3 Ne4 11. Nxe4 Bxa1 12. Qh6 Bg7 13. Qh4 Bd7 14. Rd1 Qa5 15. Bh6 Qh5 16. Qxh5 gxh5 17. Bg5 Rfe8 18. Nh4 Nd4 19. e3 Ne6 20. Bf4 Bc6 21. Nf5 Nxf4 22. gxf4 Rad8 23. Neg3 Bxg2 24. Kxg2 Bf8 25. Nxh5 f6 26. e4 Kf7 27. Ne3 e6 28. f5 exf5 29. exf5 Re5 30. Kf3 Bh6 31. Ng3 a6 32. Ng4 Bf8 33. Nxe5+ fxe5 34. Ke4 Be7 35. Kd5 Rg8 36. Rd3 Rg4 37. f3 Rh4 38. Rd2 Bf8 39. Ne4 Rf4 40. f6 h6 41. Rd3 Rh4 42. Rd2 Rf4 43. Rf2 Rh4 44. b4 Rf4 45. a4 h5 46. a5 h4 47. b5 axb5 48. cxb5 h3 49. a6 bxa6 50. bxa6 Rh4 51. a7 Bh6 52. a8Q Be3 53. Re2 Bc5 54. Qb7+ Kg6 55. Qg7+ Kh5 56. Qg5# 1-0

[Event "Titled Tuesday intern op 27th Sep Late"]
[Site "Chess.com INT"]
[Date "2022.09.27"]
[Round "9"]
[White "Ansh, M Shah"]
[Black "Ekdyshman, Mikhail"]
[Result "0-1"]
[WhiteElo "2163"]
[BlackElo "2264"]
[PlyCount "114"]
[EventDate "2022.09.27"]
[EventType "swiss (blitz)"]
[EventRounds "11"]
[EventCountry "USA"]
[SourceTitle "CBM 210 Extra"]
[Source "ChessBase"]
[SourceDate "2022.11.30"]
[SourceVersion "1"]
[SourceVersionDate "2022.11.30"]
[SourceQuality "1"]

1. d4 Nf6 2. c4 c5 3. d5 b5 4. cxb5 a6 5. e3 axb5 6. Bxb5 Qa5+ 7. Nc3 Bb7 8. Bd2 e6 9. a4 Qb6 10. e4 exd5 11. exd5 Nxd5 12. Nxd5 Bxd5 13. Nf3 Be7 14. 0-0 0-0 15. Bg5 Bxf3 16. Qxf3 Bxg5 17. Qxa8 Bf6 18. Rab1 g6 19. Qd5 d6 20. Rfd1 Bd4 21. Bc4 Nc6 22. b3 Nb4 23. Qf3 Be5 24. g3 Nc6 25. Rd5 Nd4 26. Qe4 Qc7 27. Rd1 Re8 28. Qd3 Rb8 29. h4 Bf6 30. h5 Kg7 31. Qe3 Ne6 32. h6+ Kg8 33. Rxd6 Nd4 34. Rxf6 Qd7 35. Rd3 Re8 36. Qf4 Ne2+ 37. Kg2 Nxf4+ 38. Rxf4 Qb7+ 39. Rdf3 Re7 40. Rxf7 Rxf7 41. Bxf7+ Kh8 42. Bc4 Qe7 43. g4 g5 44. Kg3 Qe5+ 45. Kg2 Qe7 46. Kh3 Qd6 47. Rf5 Qxh6+ 48. Kg3 Qd6+ 49. Kg2 Qc6+ 50. f3 Qd6 51. Rxg5 Qd2+ 52. Kg3 Qxg5 53. a5 Qe5+ 54. Kf2 Qd4+ 55. Kg3 Qd6+ 56. Kg2 Qd2+ 57. Kg3 Qxa5 0-1

[Event "Titled Tuesday intern op 27th Sep Late"]
[Site "Chess.com INT"]
[Date "2022.09.27"]
[Round "3"]
[White "Babazada, Khazar Araz"]
[Black "Ekdyshman, Mikhail"]
[Result "1-0"]
[WhiteElo "2461"]
[BlackElo "2264"]
[PlyCount "124"]
[EventDate "2022.09.27"]
[EventType "swiss (blitz)"]
[EventRounds "11"]
[EventCountry "USA"]
[SourceTitle "CBM 210 Extra"]
[Source "ChessBase"]
[SourceDate "2022.11.30"]
[SourceVersion "1"]
[SourceVersionDate "2022.11.30"]
[SourceQuality "1"]

1. Nf3 c5 2. g3 g6 3. Bg2 Bg7 4. 0-0 Nc6 5. d3 Nf6 6. Nc3 0-0 7. Bd2 Rb8 8. a3 b5 9. e4 d6 10. Rb1 a5 11. Qc1 b4 12. Nd1 Nd4 13. Nxd4 cxd4 14. axb4 axb4 15. b3 Nd7 16. Nb2 Nc5 17. Ra1 Bg4 18. Na4 Qc8 19. Qb2 Bh3 20. Bxh3 Qxh3 21. Nxc5 dxc5 22. Ra7 Rb5 23. Rxe7 c4 24. bxc4 Rh5 25. Re1 Qxh2+ 26. Kf1 Rb8 27. Bf4 Ra8 28. Ke2 Rha5 29. Qxb4 Qh5+ 30. Kd2 Bf8 31. Qb7 Ra1 32. Rxf7 Rxe1 33. Rxf8+ Rxf8 34. Kxe1 Qa5+ 35. Ke2 Qh5+ 36. Kd2 Qa5+ 37. Kd1 Qh5+ 38. Kc1 Qa5 39. Qd5+ Qxd5 40. exd5 Kf7 41. Kd2 Re8 42. c5 Ke7 43. Be5 Rf8 44. Bxd4 Rf5 45. c4 h5 46. Be3 g5 47. c6 h4 48. gxh4 gxh4 49. Bc5+ Kd8 50. Bb6+ Kc8 51. d6 Rf7 52. d7+ Rxd7 53. cxd7+ Kxd7 54. f4 Ke6 55. Bg1 Kf5 56. Bh2 Kg4 57. f5 Kh3 58. f6 Kxh2 59. f7 h3 60. f8Q Kh1 61. Qh8 h2 62. Ke2 Kg1 1-0

[Event "Titled Tuesday intern op 27th Sep Late"]
[Site "Chess.com INT"]
[Date "2022.09.27"]
[Round "1"]
[White "So, Wesley"]
[Black "Ekdyshman, Mikhail"]
[Result "1-0"]
[WhiteElo "2771"]
[BlackElo "2264"]
[PlyCount "55"]
[EventDate "2022.09.27"]
[EventType "swiss (blitz)"]
[EventRounds "11"]
[EventCountry "USA"]
[SourceTitle "CBM 210 Extra"]
[Source "ChessBase"]
[SourceDate "2022.11.30"]
[SourceVersion "1"]
[SourceVersionDate "2022.11.30"]
[SourceQuality "1"]

1. Nf3 c5 2. e4 g6 3. c3 Bg7 4. d4 cxd4 5. cxd4 d5 6. e5 Nc6 7. Bb5 Nh6 8. 0-0 0-0 9. h3 a6 10. Bxc6 bxc6 11. Re1 Bf5 12. Nc3 Qa5 13. Bd2 f6 14. Na4 Qc7 15. Nc5 Nf7 16. Bf4 fxe5 17. Nxe5 Nd6 18. Rc1 Bc8 19. Ncd3 Bb7 20. Bh2 Rac8 21. Qg4 Kh8 22. Nf4 Qb6 23. Nexg6+ hxg6 24. Nxg6+ Kh7 25. Bxd6 exd6 26. Qh5+ Bh6 27. Re7+ Kg8 28. Qxh6 1-0

[Event "Titled Tuesday intern op 13th Sep Late"]
[Site "Chess.com INT"]
[Date "2022.09.13"]
[Round "4"]
[White "Ekdyshman, Mikhail"]
[Black "Atanasov, Anthony"]
[Result "0-1"]
[WhiteElo "2264"]
[BlackElo "2148"]
[PlyCount "134"]
[EventDate "2022.09.13"]
[EventType "swiss (blitz)"]
[EventRounds "11"]
[EventCountry "USA"]
[SourceTitle "EXT 2023"]
[Source "ChessBase"]
[SourceDate "2022.10.05"]
[SourceVersion "1"]
[SourceVersionDate "2022.10.05"]
[SourceQuality "1"]

1. e4 e5 2. Nf3 Nf6 3. Nc3 Nc6 4. d4 exd4 5. Nxd4 Nxe4 6. Nxe4 Qe7 7. f3 d5 8. Bb5 Bd7 9. Bxc6 bxc6 10. 0-0 dxe4 11. fxe4 0-0-0 12. Qe2 Kb7 13. Rf3 Be6 14. Ra3 Rxd4 15. Qa6+ Kb8 16. Qxa7+ Kc8 17. Qxd4 Qc5 18. c3 Qxd4+ 19. cxd4 Bxa3 20. bxa3 f5 21. e5 Rd8 22. Be3 Rd5 23. Rc1 Kd7 24. g3 Rb5 25. Rc2 Bd5 26. Kf2 Be4 27. Rd2 Ra5 28. Rb2 Bd5 29. h4 Rxa3 30. Ke2 Bxa2 31. Rb8 Bc4+ 32. Kf2 Ke7 33. Bg5+ Kf7 34. Rc8 Ra7 35. Bd8 Ra2+ 36. Ke3 Ra3+ 37. Kf2 Bd5 38. Rxc7+ Kg6 39. Bg5 Rf3+ 40. Ke2 h6 41. Bf4 Rc3 42. Re7 Bc4+ 43. Kd2 Rd3+ 44. Kc2 Rxd4 45. Kc3 Re4 46. Rc7 Bd5 47. h5+ Kh7 48. Kd3 Kg8 49. Rc8+ Kf7 50. Rc7+ Kf8 51. Bd2 Bc4+ 52. Kc2 Bb5 53. Bc3 Re2+ 54. Kb3 Re3 55. Kb4 Re4+ 56. Ka5 Kg8 57. e6 Rxe6 58. Rxg7+ Kf8 59. Rc7 Re3 60. Bg7+ Kg8 61. Bxh6 Rxg3 62. Bf4 Rg4 63. Be5 Rh4 64. Rg7+ Kf8 65. Rg5 Bd3 66. h6 Kf7 67. Rg7+ Ke6 0-1

[Event "Titled Tuesday intern op 13th Sep Early"]
[Site "Chess.com INT"]
[Date "2022.09.13"]
[Round "6"]
[White "Harvey, Marcus Ross"]
[Black "Ekdyshman, Mikhail"]
[Result "1-0"]
[WhiteElo "2456"]
[BlackElo "2264"]
[PlyCount "99"]
[EventDate "2022.09.13"]
[EventType "swiss (blitz)"]
[EventRounds "11"]
[EventCountry "USA"]
[SourceTitle "EXT 2023"]
[Source "ChessBase"]
[SourceDate "2022.10.05"]
[SourceVersion "1"]
[SourceVersionDate "2022.10.05"]
[SourceQuality "1"]

1. e4 c5 2. Nf3 Nf6 3. e5 Nd5 4. Nc3 Nxc3 5. dxc3 Nc6 6. Bf4 e6 7. Bd3 Qb6 8. Rb1 Be7 9. Qe2 Qc7 10. 0-0 b6 11. Qe3 Bb7 12. Rfe1 0-0-0 13. Ng5 Bxg5 14. Bxg5 Rdf8 15. b4 f6 16. exf6 gxf6 17. Bh6 Rfg8 18. Bf4 e5 19. Bg3 cxb4 20. cxb4 Nd4 21. c3 Ne6 22. Bf5 Nf4 23. Red1 Rg7 24. f3 Rhg8 25. Rd2 Kb8 26. Rbd1 d5 27. Bxf4 exf4 28. Qd4 Qe5 29. Qxe5+ fxe5 30. Be6 Rc8 31. Bxc8 Kxc8 32. Rxd5 Bxd5 33. Rxd5 Rc7 34. Rxe5 Rxc3 35. h4 Ra3 36. Rf5 Rxa2 37. Rxf4 Ra4 38. Rf8+ Kb7 39. b5 Rxh4 40. g4 Rh6 41. Rf7+ Kb8 42. Kg2 Kc8 43. Rxa7 Re6 44. Rxh7 Re5 45. Rh5 Re6 46. g5 Re5 47. f4 Rxb5 48. Rh8+ Kd7 49. g6 Rb1 50. g7 1-0

[Event "Titled Tuesday intern op 13th Sep Late"]
[Site "Chess.com INT"]
[Date "2022.09.13"]
[Round "9"]
[White "Kaufman, Raymond"]
[Black "Ekdyshman, Mikhail"]
[Result "0-1"]
[WhiteElo "2202"]
[BlackElo "2264"]
[PlyCount "120"]
[EventDate "2022.09.13"]
[EventType "swiss (blitz)"]
[EventRounds "11"]
[EventCountry "USA"]
[SourceTitle "EXT 2023"]
[Source "ChessBase"]
[SourceDate "2022.10.05"]
[SourceVersion "1"]
[SourceVersionDate "2022.10.05"]
[SourceQuality "1"]

1. d4 c5 2. d5 Nf6 3. Nc3 d6 4. e4 g6 5. f4 Bg7 6. Bb5+ Nfd7 7. a4 0-0 8. Nf3 Na6 9. 0-0 Nc7 10. f5 a6 11. Bc4 Rb8 12. a5 b5 13. axb6 Nxb6 14. Be2 gxf5 15. Qe1 fxe4 16. Qh4 exf3 17. Rxf3 e6 18. Bg5 f6 19. Bh6 f5 20. Qh5 Qe8 21. Rg3 Rf7 22. Bxg7 Rxg7 23. Rxg7+ Kxg7 24. Qg5+ Qg6 25. Qe7+ Qf7 26. Qg5+ Kf8 27. Bh5 Qe7 28. Qh6+ Qg7 29. Qf4 e5 30. Qh4 Bd7 31. Rf1 Kg8 32. g4 f4 33. Ne4 Nbxd5 34. c4 Ne3 35. Nf6+ Kh8 36. Rf3 Rf8 37. g5 Bc6 38. Rh3 Nf5 39. Qg4 Rxf6 40. gxf6 Qxg4+ 41. Bxg4 Nd4 42. f7 Nce6 43. Bxe6 Nxe6 44. Rh6 Nf8 45. Rxd6 Be4 46. Rd8 Kg7 47. Re8 Kxf7 48. Rxe5 Bd3 49. Rxc5 Ne6 50. Rc6 Kf6 51. b3 a5 52. Ra6 Bc2 53. Rb6 a4 54. bxa4 Bxa4 55. c5 Ke5 56. c6 Nc7 57. Rb7 Kd6 58. Rb8 Bxc6 59. Rf8 Ne6 60. Rh8 Be4 0-1

[Event "Titled Tuesday intern op 13th Sep Late"]
[Site "Chess.com INT"]
[Date "2022.09.13"]
[Round "6"]
[White "Korchmar, Vasiliy"]
[Black "Ekdyshman, Mikhail"]
[Result "1-0"]
[WhiteElo "2438"]
[BlackElo "2264"]
[PlyCount "127"]
[EventDate "2022.09.13"]
[EventType "swiss (blitz)"]
[EventRounds "11"]
[EventCountry "USA"]
[SourceTitle "EXT 2023"]
[Source "ChessBase"]
[SourceDate "2022.10.05"]
[SourceVersion "1"]
[SourceVersionDate "2022.10.05"]
[SourceQuality "1"]

1. e4 c5 2. Nf3 Nf6 3. e5 Nd5 4. Nc3 Nxc3 5. dxc3 Nc6 6. Bd3 e6 7. Bf4 Qb6 8. Rb1 Be7 9. h4 Qc7 10. Qe2 b6 11. Ng5 Bb7 12. Bg3 h6 13. Qh5 Bxg5 14. hxg5 Ne7 15. g6 Rf8 16. 0-0 Qc6 17. f3 0-0-0 18. gxf7 c4 19. Be4 Qc5+ 20. Bf2 Qb5 21. a4 Qa5 22. Bg6 Nxg6 23. Qxg6 Qxe5 24. Bh4 Qf5 25. Qxf5 exf5 26. Bxd8 Kxd8 27. a5 b5 28. a6 Bc6 29. b3 cxb3 30. cxb3 Rxf7 31. c4 b4 32. Rfd1 Kc7 33. Re1 Kb6 34. Ra1 g5 35. Re8 d6 36. Rb8+ Kc5 37. Rh8 g4 38. fxg4 fxg4 39. Rxh6 g3 40. Rg6 Kd4 41. Rxg3 d5 42. cxd5 Bxd5 43. Rd1+ Kc5 44. Rc1+ Kb6 45. Rf1 Rd7 46. Rd1 Kc5 47. Rgd3 Rd6 48. g4 Rd7 49. g5 Rd6 50. Kf2 Rd7 51. Kg3 Rd6 52. Rd4 Rd7 53. g6 Rd6 54. Rxd5+ Rxd5 55. Rxd5+ Kxd5 56. g7 Kd4 57. g8Q Kc3 58. Qc4+ Kb2 59. Kf4 Ka3 60. Ke5 Ka2 61. Kd5 Ka3 62. Kc6 Ka2 63. Kb7 Ka3 64. Kxa7 1-0

[Event "Titled Tuesday intern op 06th Sep Late"]
[Site "Chess.com INT"]
[Date "2022.09.06"]
[Round "5"]
[White "Ekdyshman, Mikhail"]
[Black "Jaracz, Pawel"]
[Result "1-0"]
[WhiteElo "2264"]
[BlackElo "2463"]
[PlyCount "101"]
[EventDate "2022.09.06"]
[EventType "swiss (blitz)"]
[EventRounds "11"]
[EventCountry "USA"]
[SourceTitle "EXT 2023"]
[Source "ChessBase"]
[SourceDate "2022.10.05"]
[SourceVersion "1"]
[SourceVersionDate "2022.10.05"]
[SourceQuality "1"]

1. e4 e5 2. Nf3 Nc6 3. Nc3 Nf6 4. d4 exd4 5. Nxd4 Bb4 6. Nxc6 bxc6 7. Bd3 0-0 8. 0-0 Re8 9. Qf3 h6 10. h3 d6 11. a3 Bxc3 12. bxc3 Bb7 13. c4 c5 14. Re1 Re6 15. Bb2 Qe8 16. Qg3 Nh5 17. Qg4 Nf6 18. Qg3 Qf8 19. f3 Nd7 20. f4 f6 21. Qg4 Rae8 22. Qf5 Qf7 23. e5 Nf8 24. Bc3 fxe5 25. fxe5 dxe5 26. Rf1 Qxf5 27. Bxf5 Rf6 28. Rae1 g6 29. Bg4 Rxf1+ 30. Kxf1 h5 31. Be2 e4 32. Kf2 Ne6 33. Ke3 Rd8 34. Rf1 Nd4 35. Bd1 Nf5+ 36. Kf4 h4 37. Kg5 Rd6 38. Be5 Ne3 39. Bxd6 Nxf1 40. Bxc5 e3 41. Bg4 Bxg2 42. Kf4 Nd2 43. Bxe3 Ne4 44. Bxa7 g5+ 45. Ke5 Kf7 46. Be6+ Kg6 47. Bd5 Nf6 48. Bxg2 g4 49. hxg4 Nxg4+ 50. Kf4 Kh5 51. Bf3 1-0

[Event "Titled Tuesday intern op 30th Aug Late"]
[Site "Chess.com INT"]
[Date "2022.08.30"]
[Round "5"]
[White "Ekdyshman, Mikhail"]
[Black "Prieto Aranguren, Alain"]
[Result "1-0"]
[WhiteElo "2297"]
[BlackElo "2247"]
[PlyCount "101"]
[EventDate "2022.08.30"]
[EventType "swiss (blitz)"]
[EventRounds "11"]
[EventCountry "USA"]
[SourceTitle "EXT 2023"]
[Source "ChessBase"]
[SourceDate "2022.10.05"]
[SourceVersion "1"]
[SourceVersionDate "2022.10.05"]
[SourceQuality "1"]

1. b3 a5 2. Bb2 a4 3. c4 e6 4. Nf3 a3 5. Bc3 c6 6. e3 d5 7. Qc2 Bd7 8. Be2 b5 9. d4 b4 10. Bd2 Nf6 11. c5 Na6 12. Bxa6 Rxa6 13. Bxb4 Ne4 14. 0-0 f5 15. Bxa3 g5 16. Bb2 g4 17. Ne5 h5 18. Nd2 Qg5 19. Nxe4 fxe4 20. g3 h4 21. Qe2 hxg3 22. fxg3 Ra7 23. Nf7 Qh5 24. Nxh8 Qxh8 25. Qxg4 Bh6 26. Bc1 e5 27. Qg6+ Kd8 28. Qf6+ Qxf6 29. Rxf6 Bg7 30. dxe5 Bxf6 31. exf6 Ke8 32. Bb2 Kf7 33. Bd4 Bg4 34. a4 Rb7 35. Rb1 Be2 36. b4 Ra7 37. a5 Bb5 38. g4 Kg6 39. h4 Rh7 40. h5+ Kg5 41. Rb2 Kxg4 42. Rg2+ Kxh5 43. Rh2+ Kg6 44. Rxh7 Kxh7 45. Kf2 Kg6 46. Kg3 Bc4 47. Kf4 Kf7 48. Ke5 Bb5 49. Kd6 Ba4 50. Kc7 Bb5 51. Kb7 1-0

[Event "Titled Tuesday intern op 23rd Aug Early"]
[Site "Chess.com INT"]
[Date "2022.08.23"]
[Round "2"]
[White "Ekdyshman, Mikhail"]
[Black "Pakleza, Zbigniew"]
[Result "0-1"]
[WhiteElo "2297"]
[BlackElo "2499"]
[PlyCount "116"]
[EventDate "2022.08.23"]
[EventType "swiss (blitz)"]
[EventRounds "11"]
[EventCountry "USA"]
[SourceTitle "EXT 2023"]
[Source "ChessBase"]
[SourceDate "2022.10.05"]
[SourceVersion "1"]
[SourceVersionDate "2022.10.05"]
[SourceQuality "1"]

1. d4 d6 2. Nc3 e5 3. Nf3 exd4 4. Qxd4 Nc6 5. Qa4 Nf6 6. Bg5 Be7 7. 0-0-0 h6 8. Qh4 Be6 9. e4 Ng4 10. Bxe7 Qxe7 11. Qg3 0-0-0 12. h3 Nf6 13. Bb5 Nh5 14. Qh2 Qf6 15. Bxc6 bxc6 16. e5 Qf4+ 17. Kb1 Qxh2 18. Rxh2 dxe5 19. Nxe5 c5 20. Kc1 Rd6 21. Ne4 Rxd1+ 22. Kxd1 Rd8+ 23. Ke1 Bxa2 24. Nd3 Re8 25. Ndxc5 f5 26. Kd2 fxe4 27. b3 Nf6 28. Na4 e3+ 29. fxe3 Ne4+ 30. Kc1 c5 31. Kb2 Bxb3 32. cxb3 Kc7 33. g4 Rf8 34. Rc2 Kd6 35. Ka3 Rf3 36. Nb2 Rxh3 37. Nc4+ Kd5 38. Rg2 g5 39. Rg1 Rg3 40. Rd1+ Kc6 41. Rd8 Nc3 42. Rh8 Nb5+ 43. Kb2 Rg2+ 44. Kc1 Kd5 45. Rxh6 Nc3 46. Rd6+ Ke4 47. Rd2 Rg1+ 48. Kc2 Na2 49. Kb2 Nb4 50. Rd7 Rg2+ 51. Kb1 Rxg4 52. Rxa7 Rg1+ 53. Kb2 g4 54. Re7+ Kd3 55. Rd7+ Ke2 56. Rg7 g3 57. e4 Nd3+ 58. Kc3 Rc1# 0-1

[Event "Olginka Orbit op"]
[Site "Olginka"]
[Date "2022.08.21"]
[Round "6"]
[White "Ekdyshman, Mikhail"]
[Black "Khripachenko, Alexander"]
[Result "0-1"]
[WhiteElo "2297"]
[BlackElo "2137"]
[PlyCount "126"]
[EventDate "2022.08.16"]
[EventType "swiss"]
[EventRounds "9"]
[EventCountry "RUS"]
[SourceTitle "CBM 209 Extra"]
[Source "ChessBase"]
[SourceDate "2022.09.30"]
[SourceVersion "1"]
[SourceVersionDate "2022.09.30"]
[SourceQuality "1"]

1. e4 c6 2. d4 d5 3. exd5 cxd5 4. c4 Nf6 5. Nc3 Nc6 6. Nf3 Bg4 7. cxd5 Nxd5 8. Qb3 Bxf3 9. gxf3 e6 10. Qxb7 Nxd4 11. Bb5+ Nxb5 12. Qc6+ Ke7 13. Qxb5 Qd7 14. Nxd5+ Qxd5 15. Bg5+ f6 16. Qxd5 exd5 17. Be3 Ke6 18. 0-0-0 Bb4 19. a3 Ba5 20. b4 Bc7 21. Rhe1 Rhd8 22. Bb6+ Kf7 23. Bc5 Bd6 24. Bxd6 Rxd6 25. Kb2 Rc8 26. Rc1 Rc4 27. Rxc4 dxc4 28. Kc2 Rd4 29. Re4 Rd3 30. Re3 Rd4 31. Kc3 Rh4 32. h3 h5 33. a4 Rxh3 34. b5 Rh1 35. a5 h4 36. f4 h3 37. Kb2 h2 38. Rh3 c3+ 39. Kc2 Ra1 40. Rxh2 Rxa5 41. Rh5 a6 42. Kxc3 Rxb5 43. Rh4 a5 44. Rh1 Rb4 45. f5 Rf4 46. Ra1 Rxf5 47. Ra2 a4 48. Kd4 a3 49. Rxa3 Rxf2 50. Ke3 Rf5 51. Ke4 Re5+ 52. Kf4 g5+ 53. Kg4 Kg6 54. Ra4 Rb5 55. Kg3 Rb3+ 56. Kg2 f5 57. Rc4 Kh5 58. Ra4 f4 59. Ra2 Kh4 60. Kh2 Rh3+ 61. Kg2 Rc3 62. Kh2 g4 63. Kg2 f3+ 0-1

[Event "Titled Tuesday intern op 09th Aug Late"]
[Site "Chess.com INT"]
[Date "2022.08.09"]
[Round "2"]
[White "Alekseenko, Kirill"]
[Black "Ekdyshman, Mikhail"]
[Result "1-0"]
[WhiteElo "2707"]
[BlackElo "2297"]
[PlyCount "133"]
[EventDate "2022.08.09"]
[EventType "swiss (blitz)"]
[EventRounds "11"]
[EventCountry "USA"]
[SourceTitle "EXT 2023"]
[Source "ChessBase"]
[SourceDate "2022.10.05"]
[SourceVersion "1"]
[SourceVersionDate "2022.10.05"]
[SourceQuality "1"]

1. f4 g6 2. Nf3 Bg7 3. e4 c5 4. Bc4 Nc6 5. d3 e6 6. Nbd2 Nge7 7. a3 d5 8. Ba2 0-0 9. 0-0 f5 10. c3 h6 11. Qe1 Kh7 12. h4 dxe4 13. dxe4 Qc7 14. Nc4 b5 15. Nce5 Nxe5 16. Nxe5 c4 17. a4 a6 18. Bb1 Bb7 19. h5 Bxe5 20. fxe5 gxh5 21. Qe3 f4 22. Rxf4 Ng8 23. axb5 Rxf4 24. Qxf4 axb5 25. Rxa8 Bxa8 26. Bc2 Qg7 27. Bd1 Qg6 28. Bf3 Bc6 29. Be3 Kg7 30. Kh2 Kh7 31. Kh3 Kg7 32. Kh4 Be8 33. Bc5 Kh7 34. Bf8 Bf7 35. Kh3 Be8 36. Kh2 Qg5 37. g3 Bg6 38. Kg2 h4 39. Qxg5 hxg5 40. gxh4 gxh4 41. Kh3 Nh6 42. Be7 Nf7 43. Bf6 Kg8 44. Kxh4 Nh6 45. Kg5 Kh7 46. Kf4 Bf7 47. Bd1 Kg6 48. Ke3 Be8 49. Kd4 Nf7 50. Kc5 Nh6 51. Kd6 Ng8 52. Kxe6 Bc6 53. Bf3 Be8 54. Bg4 Bf7+ 55. Kd6 Nh6 56. Bd7 Ng8 57. Bxb5 Nxf6 58. exf6 Kxf6 59. e5+ Kf5 60. Bd7+ Ke4 61. e6 Bg6 62. e7 Ke3 63. Kc5 Bf7 64. e8Q+ Bxe8 65. Bxe8 Kd3 66. Bg6+ Kd2 67. Kxc4 1-0

[Event "Titled Tuesday intern op 09th Aug Late"]
[Site "Chess.com INT"]
[Date "2022.08.09"]
[Round "7"]
[White "Ekdyshman, Mikhail"]
[Black "Estrada Nieto, Julian"]
[Result "1-0"]
[WhiteElo "2297"]
[BlackElo "2260"]
[PlyCount "99"]
[EventDate "2022.08.09"]
[EventType "swiss (blitz)"]
[EventRounds "11"]
[EventCountry "USA"]
[SourceTitle "EXT 2023"]
[Source "ChessBase"]
[SourceDate "2022.10.05"]
[SourceVersion "1"]
[SourceVersionDate "2022.10.05"]
[SourceQuality "1"]

1. e4 e5 2. Nf3 Nc6 3. Nc3 Nf6 4. d4 exd4 5. Nxd4 Bb4 6. Nxc6 bxc6 7. Bd3 d5 8. exd5 0-0 9. 0-0 cxd5 10. h3 c6 11. Qf3 Bd6 12. Bg5 h6 13. Bxf6 Qxf6 14. Qxf6 gxf6 15. Ne2 Rb8 16. b3 Bd7 17. Rad1 Rfe8 18. Nd4 Re5 19. Nf3 Re7 20. c4 Bb4 21. cxd5 cxd5 22. Rc1 Be6 23. Nd4 Rbb7 24. Nc6 Rec7 25. Nxb4 Rxc1 26. Rxc1 Rxb4 27. Kf1 a5 28. Bc2 d4 29. Ke2 Bd7 30. Rd1 a4 31. a3 Rb5 32. b4 Re5+ 33. Kd2 Bb5 34. Bd3 h5 35. Rc1 Bxd3 36. Kxd3 Kg7 37. Rc2 h4 38. Kxd4 Rg5 39. f3 Re5 40. Kc4 Kg6 41. b5 Re3 42. Kb4 Rb3+ 43. Kxa4 Rb1 44. Ka5 Kf5 45. a4 Ke5 46. Ka6 Kd6 47. a5 f5 48. b6 f4 49. Ka7 Rb5 50. a6 1-0

[Event "Titled Tuesday intern op 09th Aug Late"]
[Site "Chess.com INT"]
[Date "2022.08.09"]
[Round "1"]
[White "Ekdyshman, Mikhail"]
[Black "Fajdetic, Hrvoje"]
[Result "1-0"]
[WhiteElo "2297"]
[BlackElo "2151"]
[PlyCount "67"]
[EventDate "2022.08.09"]
[EventType "swiss (blitz)"]
[EventRounds "11"]
[EventCountry "USA"]
[SourceTitle "EXT 2023"]
[Source "ChessBase"]
[SourceDate "2022.10.05"]
[SourceVersion "1"]
[SourceVersionDate "2022.10.05"]
[SourceQuality "1"]

1. e4 c5 2. c3 d5 3. exd5 Qxd5 4. d4 Nf6 5. Nf3 Bg4 6. dxc5 Qxc5 7. Na3 e6 8. h3 Bh5 9. Be3 Qa5 10. Nc4 Qc7 11. Qa4+ Nc6 12. Nfe5 Be7 13. g4 Bg6 14. Bg2 0-0 15. Nxg6 hxg6 16. 0-0 Nd5 17. Rad1 Nxe3 18. Nxe3 Bc5 19. Qe4 Rad8 20. b4 Bb6 21. Nc4 Ne7 22. Nxb6 axb6 23. Qxb7 Qxb7 24. Bxb7 g5 25. a4 Rb8 26. Rd7 Ng6 27. a5 bxa5 28. bxa5 Nf4 29. a6 Nxh3+ 30. Kh2 Nf4 31. a7 Rbe8 32. Ra1 Ra8 33. Bxa8 Rxa8 34. Rb7 1-0